003300000a22001090004500090001700000245007700017041001300094100002400107942001300131773005900144999001700203 aASbSeriadas10aReview of the neotropical lisianthoid genus Lagenanthus ()0 aInglés1 aEwan, Joseph999259 cARTICULO1 tMutisia: Acta Botánica Colombiana3893h4q1-5d1952 c15261d15261